000 00318nam a22001337a 4500
008 170428b xxu||||| |||| 00| 0 eng d
020 _a9781422423905
041 _aeng
080 _23 ED
_a34
100 _a13
101 _aSHJ
245 _aENVIRONMENTAL AND NATURAL RESOURCES LAW
_cPEARSON.E
942 _2udc
_cBK
999 _c12317
_d12317